000 00506nam a2200193 a 4500
001 1768017002032
003 YourLibrary
005 20260110115847.0
008 260110s2006##################000#0#eng##
020 _a9780195332605
082 0 4 _a302.2
_bZER
100 1 _aZerubavel, Eviatar,
_eauthor.
245 1 0 _aThe Elephant in the Room :
260 _bOxford University Press,
_c2006.
300 _a177 pages
650 0 _aPhilosophy.
942 _cENGLISH
040 _aYourLibrary
_beng
_cYourLibrary
999 _c608155
_d608155